Modified argon laser therapy for benign tumor of the eyelid
To report about the therapy of benign eyelid tumors with a modified argon laser technique as an alternative to surgery.
Saved in:
| Main Authors: | , , , , , |
|---|---|
| Format: | Article (Journal) |
| Language: | English |
| Published: |
24 September 2022
|
| In: |
BMC ophthalmology
Year: 2022, Volume: 22, Pages: 1-6 |
| ISSN: | 1471-2415 |
| DOI: | 10.1186/s12886-022-02601-w |
| Online Access: | Resolving-System, lizenzpflichtig, Volltext: https://doi.org/10.1186/s12886-022-02601-w Verlag, lizenzpflichtig, Volltext: https://bmcophthalmol.biomedcentral.com/articles/10.1186/s12886-022-02601-w |
| Author Notes: | Jisang Han, Shin-Hyo Lee, Chul Young Choi, Ramin Khoramnia, Jaemin Kim and Hyun Jin Shin |
MARC
| LEADER | 00000caa a2200000 c 4500 | ||
|---|---|---|---|
| 001 | 1819853349 | ||
| 003 | DE-627 | ||
| 005 | 20230118140735.0 | ||
| 007 | cr uuu---uuuuu | ||
| 008 | 221025s2022 xx |||||o 00| ||eng c | ||
| 024 | 7 | |a 10.1186/s12886-022-02601-w |2 doi | |
| 035 | |a (DE-627)1819853349 | ||
| 035 | |a (DE-599)KXP1819853349 | ||
| 035 | |a (OCoLC)1361693998 | ||
| 040 | |a DE-627 |b ger |c DE-627 |e rda | ||
| 041 | |a eng | ||
| 084 | |a 33 |2 sdnb | ||
| 100 | 1 | |a Han, Jisang |e VerfasserIn |0 (DE-588)1271122936 |0 (DE-627)1819854396 |4 aut | |
| 245 | 1 | 0 | |a Modified argon laser therapy for benign tumor of the eyelid |c Jisang Han, Shin-Hyo Lee, Chul Young Choi, Ramin Khoramnia, Jaemin Kim and Hyun Jin Shin |
| 264 | 1 | |c 24 September 2022 | |
| 300 | |a 6 | ||
| 336 | |a Text |b txt |2 rdacontent | ||
| 337 | |a Computermedien |b c |2 rdamedia | ||
| 338 | |a Online-Ressource |b cr |2 rdacarrier | ||
| 500 | |a Gesehen am 25.10.2022 | ||
| 520 | |a To report about the therapy of benign eyelid tumors with a modified argon laser technique as an alternative to surgery. | ||
| 650 | 4 | |a Argon laser | |
| 650 | 4 | |a Benign tumor | |
| 650 | 4 | |a Eyelid | |
| 650 | 4 | |a Treatment, Stain | |
| 700 | 1 | |a Lee, Shin-Hyo |e VerfasserIn |4 aut | |
| 700 | 1 | |a Choi, Chul Young |e VerfasserIn |4 aut | |
| 700 | 1 | |a Khoramnia, Ramin |d 1980- |e VerfasserIn |0 (DE-588)132573954 |0 (DE-627)523957173 |0 (DE-576)299234355 |4 aut | |
| 700 | 1 | |a Kim, Jaemin |e VerfasserIn |4 aut | |
| 700 | 1 | |a Shin, Hyun Jin |e VerfasserIn |4 aut | |
| 773 | 0 | 8 | |i Enthalten in |t BMC ophthalmology |d London : BioMed Central, 2001 |g 22(2022), Artikel-ID 383, Seite 1-6 |h Online-Ressource |w (DE-627)331018772 |w (DE-600)2050436-6 |w (DE-576)107014939 |x 1471-2415 |7 nnas |a Modified argon laser therapy for benign tumor of the eyelid |
| 773 | 1 | 8 | |g volume:22 |g year:2022 |g elocationid:383 |g pages:1-6 |g extent:6 |a Modified argon laser therapy for benign tumor of the eyelid |
| 856 | 4 | 0 | |u https://doi.org/10.1186/s12886-022-02601-w |x Resolving-System |x Verlag |z lizenzpflichtig |3 Volltext |
| 856 | 4 | 0 | |u https://bmcophthalmol.biomedcentral.com/articles/10.1186/s12886-022-02601-w |x Verlag |z lizenzpflichtig |3 Volltext |
| 951 | |a AR | ||
| 992 | |a 20221025 | ||
| 993 | |a Article | ||
| 994 | |a 2022 | ||
| 998 | |g 132573954 |a Khoramnia, Ramin |m 132573954:Khoramnia, Ramin |d 910000 |d 910900 |d 50000 |e 910000PK132573954 |e 910900PK132573954 |e 50000PK132573954 |k 0/910000/ |k 1/910000/910900/ |k 0/50000/ |p 4 | ||
| 999 | |a KXP-PPN1819853349 |e 4201603326 | ||
| BIB | |a Y | ||
| SER | |a journal | ||
| JSO | |a {"note":["Gesehen am 25.10.2022"],"title":[{"title":"Modified argon laser therapy for benign tumor of the eyelid","title_sort":"Modified argon laser therapy for benign tumor of the eyelid"}],"relHost":[{"recId":"331018772","origin":[{"publisher":"BioMed Central","publisherPlace":"London","dateIssuedKey":"2001","dateIssuedDisp":"2001-"}],"part":{"text":"22(2022), Artikel-ID 383, Seite 1-6","pages":"1-6","extent":"6","volume":"22","year":"2022"},"pubHistory":["1.2001 -"],"disp":"Modified argon laser therapy for benign tumor of the eyelidBMC ophthalmology","physDesc":[{"extent":"Online-Ressource"}],"note":["Gesehen am 28.07.2021"],"title":[{"title":"BMC ophthalmology","title_sort":"BMC ophthalmology"}],"id":{"eki":["331018772"],"zdb":["2050436-6"],"issn":["1471-2415"]},"type":{"media":"Online-Ressource","bibl":"periodical"},"language":["eng"]}],"id":{"doi":["10.1186/s12886-022-02601-w"],"eki":["1819853349"]},"name":{"displayForm":["Jisang Han, Shin-Hyo Lee, Chul Young Choi, Ramin Khoramnia, Jaemin Kim and Hyun Jin Shin"]},"type":{"media":"Online-Ressource","bibl":"article-journal"},"language":["eng"],"recId":"1819853349","origin":[{"dateIssuedKey":"2022","dateIssuedDisp":"24 September 2022"}],"person":[{"display":"Han, Jisang","given":"Jisang","family":"Han","role":"aut"},{"role":"aut","given":"Shin-Hyo","display":"Lee, Shin-Hyo","family":"Lee"},{"given":"Chul Young","display":"Choi, Chul Young","family":"Choi","role":"aut"},{"role":"aut","family":"Khoramnia","display":"Khoramnia, Ramin","given":"Ramin"},{"role":"aut","display":"Kim, Jaemin","given":"Jaemin","family":"Kim"},{"given":"Hyun Jin","display":"Shin, Hyun Jin","family":"Shin","role":"aut"}],"physDesc":[{"extent":"6 S."}]} | ||
| SRT | |a HANJISANGLMODIFIEDAR2420 | ||